书目信息 |
| 题名: |
中国古代青少年成才史话
|
|
| 作者: | 朱仲玉 著 | |
| 分册: | ||
| 出版信息: | 北京 商务印书馆 1996 |
|
| 页数: | 183页 | |
| 开本: | 19cm | |
| 丛书名: | 中国文化史知识丛书 | |
| 单 册: | ||
| 中图分类: | C96-092 | |
| 科图分类: | 38.1042 | |
| 主题词: | 青少年-人才学--中国--古代--通俗读物 , 人才学-青少年--中国--古代--通俗读物 | |
| 电子资源: | ||
| ISBN: | 7-100-02107-3 | |
| 000 | 00768nam2 2200253 45 | |
| 001 | 0197044682 | |
| 005 | 20070718145610.31 | |
| 010 | @a7-100-02107-3@dCNY10.20 | |
| 100 | @a19961204d1996 em y0chiy0121 ea | |
| 101 | 0 | @achi |
| 102 | @aCN@b110000 | |
| 105 | @af z 000yd | |
| 200 | 10 | @a中国古代青少年成才史话@Azhong guo gu dai qing shao nian cheng cai shi hua@f朱仲玉著 |
| 210 | @a北京@c商务印书馆@d1996 | |
| 215 | @a183页@c彩图@d19cm | |
| 225 | 2 | @a中国文化史知识丛书 |
| 410 | 0 | @120010@a中国文化史知识丛书 |
| 606 | @a青少年-人才学@y中国@z古代@x通俗读物 | |
| 606 | @a人才学-青少年@y中国@z古代@x通俗读物 | |
| 690 | @aC96-092@v3 | |
| 692 | @a38.1042@v2 | |
| 701 | 0 | @a朱仲玉@Azhu zhong yu@4著 |
| 801 | 0 | @aCN@bTSSF@c20070718 |
| 905 | @a10447@dC96-092@e51 | |
| 中国古代青少年成才史话/朱仲玉著.-北京:商务印书馆,1996 |
| 183页:彩图;19cm.-(中国文化史知识丛书) |
| ISBN 7-100-02107-3:CNY10.20 |
| ● |
| 相关链接 |
|
|
|
|
正题名:中国古代青少年成才史话
索取号:C96-092/51
 
预约/预借
| 序号 | 登录号 | 条形码 | 馆藏地/架位号 | 状态 | 备注 |
| 1 | 0770111 | 207701110 | 第一样本阅览室/ [索取号:C96-092/51] | 在馆 |